| 000 | 00360nam a2200157Ia 4500 | ||
|---|---|---|---|
| 005 | 20250411043911.0 | ||
| 008 | 240331s9999 xx 000 0 und d | ||
| 020 | _a9555540144 | ||
| 082 |
_bPER _a891 |
||
| 100 | _aPerera,C.C | ||
| 245 | 0 | _aEmma bovary | |
| 260 |
_aSri Lanka _bPradeepa Publishers _c1991 |
||
| 300 | _a383 p ., | ||
| 650 | _aNovel | ||
| 942 | _cL | ||
| 999 |
_c4827 _d4827 |
||